000 00443nam a2200169 a 4500
999 _c869
_d869
020 _a0256161577
050 0 0 _aHB172.5
_bc638
100 1 _aHyman, David N.
245 1 0 _aMacroeconomics /
_cDavid N. Hyman.
250 _a4th ed.
260 _aChicago :
_bIrwin,
_cc1997.
300 _axxiv, 546 p. :
_bill. (some col.) ;
_c26 cm.
440 4 _aThe Irwin series in economics
500 _aincludes index
650 0 _aMacroeconomics.
942 _cBK